=LDR 00000nam 2200000 4500 =001 INLIS000000000020149 =005 20210108103202 =035 ##$$a 0010-061300000020149 =008 210108################g##########0#ind## =041 ##$$a Ind =082 ##$$a 320.02 =090 ##$$a 808.8, Lio b =100 ##$$a Liong, Vincent Christian =245 1#$$a Berlindung di bawah payung : $b Kumpulan kontempolasi /$c Vincent Christian Liong =260 ##$$a Jakarta :$b Gramedia,$c 2001 =300 ##$$a xiv, 85 hlm. ; $c 14x21 cm. =650 #4$$a Kontempelasi-Kumpulan =850 ##$$a NBPNMAT =020 ##$$a 979-695-544-X =084 ##$$a 320.02 LIO b =990 ##$$a 10606973 =990 ##$$a 10606971